El Escándalo II

সংরক্ষণ করুন:
গ্রন্থ-পঞ্জীর বিবরন
প্রধান লেখক: Alarcón, Pedro Antonio de
বিন্যাস: গ্রন্থ
ভাষা:Undetermined
প্রকাশিত: Madrid, España Espasa-Calpe 1973
বিষয়গুলি:
ট্যাগগুলো: ট্যাগ যুক্ত করুন
কোনো ট্যাগ নেই, প্রথমজন হিসাবে ট্যাগ করুন!

MARC

LEADER 00000nam a2200000Ia 4500
008 170316s9999 xx 000 0 und d
040 |a cru BVZT 
090 |a 862 A-6e v.2 
100 |a Alarcón, Pedro Antonio de 
245 |a El Escándalo II 
260 |a Madrid, España 
260 |b Espasa-Calpe 
260 |c 1973 
300 |a 274 páginas 
650 |a LITERATURA ESPAÑOLA 
999 |c 9488  |d 9488 
942 |c 15 D  |h 862 A-6e v.2  |2 z